Văn hóa dân gian Quảng Bình
Giưới thiệu một vài nét về văn hóa dân gian Quảng Bình
Tallennettuna:
| Päätekijä: | |
|---|---|
| Aineistotyyppi: | Kirja |
| Kieli: | Vietnamese |
| Julkaistu: |
H.
Văn hoá Thông tin
2014
|
| Aiheet: | |
| Tagit: |
Lisää tagi
Ei tageja, Lisää ensimmäinen tagi!
|
| Thư viện lưu trữ: | Mạng thư viện Đại học Đà Nẵng |
|---|
| LEADER | 01336aam a22003858a 4500 | ||
|---|---|---|---|
| 001 | 000020646 | ||
| 003 | 17092 | ||
| 005 | 20150330150335.0 | ||
| 008 | 150324s2014 viesd | ||
| 020 | |d 2000b | ||
| 041 | 0 | |a vie | |
| 082 | 0 | 4 | |2 23 |a 390.0959745 |b TR-H |
| 100 | 1 | |a Trần Hoàng | |
| 245 | 1 | 0 | |a Văn hóa dân gian Quảng Bình |c Trần Hoàng |
| 260 | |a H. |b Văn hoá Thông tin |c 2014 | ||
| 300 | |a 182 tr. |c 21 cm. | ||
| 500 | |a ĐTTS ghi: Hội Văn nghệ dân gian Việt Nam | ||
| 504 | |a Thư mục: tr. 181-182 | ||
| 520 | |a Giưới thiệu một vài nét về văn hóa dân gian Quảng Bình | ||
| 650 | 0 | 4 | |2 Bộ TK TVQG |a Văn hóa dân gian |z Quảng Bình |
| 651 | 7 | |2 Bộ TK TVQG |a Phú Yên | |
| 653 | |a Văn hóa dân gian | ||
| 653 | |a Quảng Bình | ||
| 655 | 7 | |2 Bộ TK TVQG |a Tục ngữ | |
| 655 | 7 | |2 Bộ TK TVQG |a Ca dao | |
| OWN | |a LSP | ||
| AVA | |a UDN50 |b LSP |d 390.0959745 TR-H |e available |t Error 5001 Not defined in file expand_doc_bib_avail. |f 1 |g 0 |h N |i 0 |k 1 | ||
| 999 | |a From the UDN01 | ||
| AVA | |a UDN50 |b LSP |d 390.0959745 TR-H |e available |t Error 5001 Not defined in file expand_doc_bib_avail. |f 1 |g 0 |h N |i 0 |k 1 | ||
| TYP | |a Monograph | ||
| TYP | |a Printed language | ||
| 980 | |a Mạng thư viện Đại học Đà Nẵng | ||